000 00681nam a2200289Ia 4500
005 20260324120619.0
008 008 260324s9999 xx 000 0 eng d
020 _a9781315740522
037 _aEBOOK
040 _aCRL
040 _beng
040 _cCRL
041 _2eng
041 _aeng
084 _qCRL
100 _aYvonne Galligan
_91159277
245 0 _aStates of Democracy
245 0 _bGender and Politics in the European Union
260 _bTaylor and Francis
260 _c2015
365 _a
365 _b255
856 _uhttp://www.taylorfrancis.com/books/9781315740522
942 _cEBOOK
999 _c1750900
_d1750900